| 000 | 00758nam a2200229Ia 4500 | ||
|---|---|---|---|
| 999 |
_c37247 _d37247 |
||
| 001 | 3206 | ||
| 003 | GE_BSU | ||
| 005 | 20221101144126.0 | ||
| 008 | 181216s1996ru xx |||||||||||||| ||rus|| | ||
| 020 | _a569100055 | ||
| 040 | _cGE_BSU | ||
| 041 | _arus | ||
| 080 | _a330.1(075.8) Ш-65 | ||
| 100 |
_aШишкин, А.Ф. _915692 |
||
| 245 |
_aЭкономическая теория: _bУчебное посбие для вузов. В-2 кн. кн :1 _c А.Ф. Шишкин. |
||
| 260 | _b2-е изд.: | ||
| 264 |
_aМосква : _bЦентр Владос, _c1996. |
||
| 300 |
_a656 ст. _bилл. |
||
| 653 | _aЭкономическая теория: | ||
| 653 | _aეკონომიკური თეორია | ||
| 942 |
_cBK _2udc |
||